| 000 | nam a22 4500 | ||
|---|---|---|---|
| 999 |
_c9376 _d9376 |
||
| 008 | 180516b ||||| |||| 00| 0 eng d | ||
| 020 | _a978-1-4925-0844-1 | ||
| 082 |
_22016 _aDC 797.21 _bB340 |
||
| 100 |
_927859 _aBay, Scott, 1964- author |
||
| 245 |
_aSwimming : _bsteps to success / _cScott Bay. |
||
| 260 |
_aChampaign, IL : _bHuman Kinetics, _c©2016. |
||
| 300 |
_axviii, 220 pages : _bcolor illustrations ; _c28 cm |
||
| 505 | _aClimbing the steps to swimming success -- The sport of swimming -- Step 1. Floating -- Step 2. Manipulating the water -- Step 3. Basic freestyle -- Step 4. Backstroke -- Step 5. Breaststroke -- Step 6. Basic butterfly -- Step 7. Turns -- Step 8. Starts -- Step 9. Open-water and survival swimming -- Step 10. Continuing with swimming | ||
| 520 | _aSwimming: Steps to Success uses a proven format and full-color photos to teach people to become confident and competent swimmers. Readers learn the basic skills of water safety and floating and then learn to master the four main strokes as well as starts, turns, and open water swimming | ||
| 650 | 0 |
_927860 _aSwimming -- Training |
|
| 365 |
_b3,050.00 _cPhp |
||
| 942 |
_2ddc _cDC |
||